000 00354nam a2200145Ia 4500
008 230917s9999||||xx |||||||||||||| ||und||
040 _e136132
_aMAIN
041 _aEnglish
082 _a519.5 G59O
100 _aGoon, A m
245 0 _aOutline of statistical theory vol.2
260 _aCalcutta
_bWorld press
_c1973
300 _a551p. p.
942 _cBK
999 _c84150
_d84150